Giáo trình Luật tố tụng Hình sự Việt Nam
Giáo trình bổ trợ cho việc nghiên cứu các giai đoạn tố tụng hình sự. Giáo trình bao gồm 4 bài: Khái niệm, nhiệm vụ và các nguyên tắc cơ bản của Luật tố tụng hình sự; cơ quan tiến hành tố tụng, người tiến hành tố tụng, người tham gia to...
Tallennettuna:
| Päätekijä: | |
|---|---|
| Aineistotyyppi: | Kirja |
| Kieli: | Undetermined |
| Julkaistu: |
Cần Thơ
Trường Đại học Cần Thơ
2010
|
| Aiheet: | |
| Tagit: |
Lisää tagi
Ei tageja, Lisää ensimmäinen tagi!
|
| Thư viện lưu trữ: | Trung tâm Học liệu Trường Đại học Cần Thơ |
|---|
| LEADER | 01175nam a2200217Ia 4500 | ||
|---|---|---|---|
| 001 | CTU_165454 | ||
| 008 | 210402s9999 xx 000 0 und d | ||
| 020 | |c 26620 | ||
| 082 | |a 345.59705 | ||
| 082 | |b Ch125/HP.1 | ||
| 100 | |a Mạc, Giáng Châu | ||
| 245 | 0 | |a Giáo trình Luật tố tụng Hình sự Việt Nam | |
| 245 | 0 | |c Mạc Giáng Châu, Nguyễn Chí Hiếu | |
| 260 | |a Cần Thơ | ||
| 260 | |b Trường Đại học Cần Thơ | ||
| 260 | |c 2010 | ||
| 520 | |a Giáo trình bổ trợ cho việc nghiên cứu các giai đoạn tố tụng hình sự. Giáo trình bao gồm 4 bài: Khái niệm, nhiệm vụ và các nguyên tắc cơ bản của Luật tố tụng hình sự; cơ quan tiến hành tố tụng, người tiến hành tố tụng, người tham gia tố tụng; chứng cứ trong tố tụng hình sự; các biện pháp ngăn chặn. | ||
| 650 | |a Criminal procedure,Luật Hình sự | ||
| 650 | |z Việt Nam,Việt Nam | ||
| 904 | |i Kim Lan, Bạch Trúc | ||
| 980 | |a Trung tâm Học liệu Trường Đại học Cần Thơ | ||